[Event "ROM-ch U18 Girls"]
[Site "Calimanesti"]
[Date "2013.04.05"]
[Round "6"]
[White "Dumitrescu, Madalina Alexandra"]
[Black "Visanescu, Daria Ioana"]
[Result "0-1"]
[WhiteElo "1683"]
[BlackElo "2086"]
[PlyCount "58"]
[EventDate "2013.04.02"]
[EventType "swiss"]
[EventRounds "9"]
[EventCountry "ROU"]
[SourceTitle "CBM 153 Extra"]
[Source "ChessBase"]
[SourceDate "2013.04.22"]
[SourceVersion "1"]
[SourceVersionDate "2013.04.22"]
[SourceQuality "1"]

1. e4 c5 2. Nf3 d6 3. d4 cxd4 4. Nxd4 Nf6 5. Nc3 a6 6. Be2 e5 7. Nb3 Be7 8. 0-0 Be6 9. Be3 0-0 10. f3 Nbd7 11. Qe1 Qc7 12. Rd1 b5 13. Rd2 Nb6 14. Qf2 Rab8 15. Rfd1 Nc4 16. Bxc4 bxc4 17. Nc1 Rxb2 18. Bg5 Ng4 19. Qh4 Bxg5 20. Qxg5 Qc5+ 21. Kh1 Nf2+ 22. Rxf2 Qxf2 23. N1e2 Rxc2 24. Qe7 Rxe2 25. Nxe2 Qxe2 26. Rg1 Qd2 27. Qb7 c3 28. Qxa6 c2 29. Qa3 Rc8 0-1

[Event "ROM-ch U18 Girls"]
[Site "Calimanesti"]
[Date "2013.04.03"]
[Round "3"]
[White "Oana, Amalia Ioana"]
[Black "Dumitrescu, Madalina Alexandra"]
[Result "0-1"]
[WhiteElo "1509"]
[BlackElo "1683"]
[PlyCount "102"]
[EventDate "2013.04.02"]
[EventType "swiss"]
[EventRounds "9"]
[EventCountry "ROU"]
[SourceTitle "CBM 153 Extra"]
[Source "ChessBase"]
[SourceDate "2013.04.22"]
[SourceVersion "1"]
[SourceVersionDate "2013.04.22"]
[SourceQuality "1"]

1. d4 d5 2. c4 c6 3. cxd5 cxd5 4. g3 Nf6 5. Nf3 Bf5 6. Nc3 e6 7. Bg2 Nc6 8. a3 Be7 9. 0-0 0-0 10. Re1 Ne4 11. Bf4 Qb6 12. Na4 Qd8 13. Rc1 Bf6 14. Nc5 Nxc5 15. Rxc5 Be4 16. e3 Be7 17. Rc1 f6 18. h4 h6 19. h5 Qe8 20. Nh4 e5 21. Bxe4 dxe4 22. dxe5 fxe5 23. Bxh6 gxh6 24. Qg4+ Bg5 25. Ng6 Rf7 26. Qxe4 Qe6 27. Red1 Qh3 28. g4 Qf3 29. Qxf3 Rxf3 30. Rd7 Rf7 31. Rcd1 Rxd7 32. Rxd7 Rb8 33. b4 a6 34. Kg2 e4 35. Rd5 Rd8 36. Rxd8+ Bxd8 37. Nf4 Ne7 38. Kg3 Bc7 39. Kg2 Bxf4 40. exf4 Nd5 41. Kg3 e3 42. fxe3 Nxe3 43. g5 hxg5 44. fxg5 Nc4 45. Kf4 Nxa3 46. Kf5 Nc2 47. Kf6 Nxb4 48. g6 Nd5+ 49. Ke5 Ne7 50. Kf6 Nxg6 51. hxg6 a5 0-1

[Event "ROM-chT (Women)"]
[Site "Mamaia"]
[Date "2012.09.28"]
[Round "6.3"]
[White "Padurariu, Ioana Smaranda"]
[Black "Dumitrescu, Madalina Alexandra"]
[Result "1-0"]
[WhiteElo "2236"]
[BlackElo "1686"]
[PlyCount "59"]
[EventDate "2012.09.22"]
[EventType "team-tourn"]
[EventRounds "7"]
[EventCountry "ROU"]
[SourceTitle "CBM 150 Extra"]
[Source "ChessBase"]
[SourceDate "2012.10.19"]
[SourceVersion "1"]
[SourceVersionDate "2012.10.19"]
[SourceQuality "1"]
[WhiteTeam "Iasi Politehnica (W)"]
[BlackTeam "Bucharest Central CC (W)"]
[WhiteTeamCountry "ROU"]
[BlackTeamCountry "ROU"]

1. e4 e5 2. Nf3 Nc6 3. Bb5 d6 4. d4 Bd7 5. 0-0 Nf6 6. Nc3 Be7 7. Re1 exd4 8. Nxd4 0-0 9. Bf1 Re8 10. h3 Ne5 11. f4 Ng6 12. Be3 c6 13. Bd3 Qb6 14. Qd2 Qa5 15. b4 Qc7 16. a3 a6 17. Nf3 Nh5 18. g4 Nh4 19. Nxh4 Bxh4 20. gxh5 Bxe1 21. Qxe1 Re6 22. f5 Re7 23. Qg3 f6 24. Kh2 Rc8 25. Bf4 Re5 26. Bxe5 dxe5 27. h6 Be8 28. Bc4+ Kh8 29. Qh4 Bf7 30. hxg7+ 1-0